000 00428nam a22001457a 4500
005 20240813111017.0
008 240813b |||||||| |||| 00| 0 eng d
041 _aeng
082 _bCHI
100 _aChikane Ashlesha-2K221014 & Ms. Rewati Pawar – Guide
_9208249
245 _aPoultry Business Feasibility and Supply Chain Analysis in Maharashtra
260 _aPune
_bSPPU
_cMarch-2024
300 _a62p
942 _cPR
999 _c359486
_d359486